Online Catalogue and eLibrary

The Art of English : (Record no. 3027)

MARC details
000 -LEADER
fixed length control field 00574nam a2200157Ia 4500
005 - DATE AND TIME OF LATEST TRANSACTION
control field 20240813010125.0
008 - FIXED-LENGTH DATA ELEMENTS--GENERAL INFORMATION
fixed length control field 240331s9999 xx 000 0 und d
020 ## - INTERNATIONAL STANDARD BOOK NUMBER
ISBN 0721704425
082 ## - DDC Classification
Item Number - Author Mark NEW
Class No. 407
100 ## - MAIN ENTRY--PERSONAL NAME
Personal name Newson, K
245 #4 - TITLE STATEMENT
Title The Art of English :
Remainder of title a certificate coursr for secondary schools
260 ## - PUBLICATION, DISTRIBUTION, ETC.
Place of publication, distribution, etc. Huddersfield
Name of publisher, distributor, etc. Schofield & Sims Ltd
Date of publication, distribution, etc. 1982
300 ## - PHYSICAL DESCRIPTION
Extent (e.g. Volumes, Pages etc.) 256 p .,
500 ## - GENERAL NOTE
General note The art in English is a five year English series foe secondary schools, comprising two parallel courses which offer the same approach with a difference of emphasis
942 ## - Koha item type (Biblio)
Koha item type Books in Stacks (Lending)
Holdings
Lost status Damaged status Collection code Home library Current library Shelving location Date acquired Full call number Accession Number Item type
    Lending WERC Library WERC Library Social Science Cupboard 03/31/2024 407 NEW 528 Books in Stacks (Lending)

© WERC Library